Review of: The Politics of Religious Tourism, edited by Dino Bozonelos and Polyxeni Moira

Review of: Bozonelos, D. and Moira. P. (Eds.) (2023) The Politics of Religious Tourism. Published by CABI, Oxfordshire, UK, 2023. Hardback: ISBN-13: 9781800621718, 248 pages - DOI: 10.1079/9781800621732.0000. Price: EUR 115.00 (Hardcover)

Saved in:  
Bibliographic Details
Main Author: Gasparini, Maria Laura (Author)
Format: Electronic Review
Language:English
Check availability: HBZ Gateway
Interlibrary Loan:Interlibrary Loan for the Fachinformationsdienste (Specialized Information Services in Germany)
Published: 2024
In: The international journal of religious tourism and pilgrimage
Year: 2024, Volume: 12, Issue: 1, Pages: 1-169-170
Further subjects:B Tourism
B Book review
B Politics
B book review
Online Access: Volltext (lizenzpflichtig)

MARC

LEADER 00000naa a22000002c 4500
001 190273307X
003 DE-627
005 20240917130347.0
007 cr uuu---uuuuu
008 240917s2024 xx |||||oo 00| ||eng c
035 |a (DE-627)190273307X 
035 |a (DE-599)KXP190273307X 
040 |a DE-627  |b ger  |c DE-627  |e rda 
041 |a eng 
084 |a 0  |2 ssgn 
100 1 |a Gasparini, Maria Laura  |e VerfasserIn  |4 aut 
245 1 0 |a Review of: The Politics of Religious Tourism, edited by Dino Bozonelos and Polyxeni Moira 
264 1 |c 2024 
336 |a Text  |b txt  |2 rdacontent 
337 |a Computermedien  |b c  |2 rdamedia 
338 |a Online-Ressource  |b cr  |2 rdacarrier 
520 |a Review of: Bozonelos, D. and Moira. P. (Eds.) (2023) The Politics of Religious Tourism. Published by CABI, Oxfordshire, UK, 2023. Hardback: ISBN-13: 9781800621718, 248 pages - DOI: 10.1079/9781800621732.0000. Price: EUR 115.00 (Hardcover) 
650 4 |a book review 
650 4 |a Politics 
650 4 |a Tourism 
655 7 |a Rezension  |0 (DE-588)4049712-4  |0 (DE-627)106186019  |0 (DE-576)209083166  |2 gnd-content 
773 0 8 |i Enthalten in  |t The international journal of religious tourism and pilgrimage  |d Dublin : Dublin Institute of Technology, 2013  |g 12(2024), 1, Artikel-ID 13, Seite 1-169-170  |h Online-Ressource  |w (DE-627)819493686  |w (DE-600)2812605-1  |w (DE-576)427161738  |x 2009-7379  |7 nnas 
773 1 8 |g volume:12  |g year:2024  |g number:1  |g elocationid:13  |g pages:1-169-170 
856 4 0 |u https://arrow.tudublin.ie/ijrtp/vol12/iss1/13  |x Verlag  |z lizenzpflichtig  |3 Volltext  |7 1 
951 |a AR 
ELC |a 1 
LOK |0 000 xxxxxcx a22 zn 4500 
LOK |0 001 4580570146 
LOK |0 003 DE-627 
LOK |0 004 190273307X 
LOK |0 005 20240917130347 
LOK |0 008 240917||||||||||||||||ger||||||| 
LOK |0 040   |a DE-Tue135  |c DE-627  |d DE-Tue135 
LOK |0 092   |o n 
LOK |0 852   |a DE-Tue135 
LOK |0 852 1  |9 00 
LOK |0 866   |x **** Rezension - keine Sacherschließung, eg **** 
LOK |0 935   |a ixzs  |a ixzo 
LOK |0 939   |a 17-09-24  |b l01 
OAS |a 1  |b inherited from superior work 
ORI |a SA-MARC-ixtheoa001.raw 
REL |a 1 
SUB |a REL